000 01358nam a2200325 i 4500
003 EG-GICUC
005 20260403174601.0
008 260403s1998 ua ||||fr|||| 00| 0 ara d
040 _a EG-GICUC
_bara
_c EG-GICUC
_d EG-GICUC
_erda
041 _aara
082 0 4 _221
_a341.85
_bم ح . ج
092 0 4 _221
099 _aLaw1 12 341.85 م ح . ج 1998
100 1 _aمحمد حمدى محمد بهنسى
_eمؤلف.
245 _aالجوانب القانونية للاستثمارات الأجنبية :
_bطبقاً لقوانين الاستثمار الحديثة الصادرة فى مصر وو بعض الدول الأوروبية (دراسة مقارنة) /
_cمحمد حمدى محمد بهنسى .
264 _aالشرقية :
_bجامعة الزقازيق ,
_c1998.
300 _a294 ؛ صفحة
_c24 سم
336 _2rda content
_atext
337 _2rda media
_aComputer
338 _2rda carrier
_aOnline Resource
490 _aالمجلة القانونية الاقتصادية
_vNo.10
504 _a. 283-287 ببليوجرافيا: صفحات.
546 _aالنص باللغة العربية
650 1 _aالقانون الدولى
650 1 _aعقود التجارة الدولية
651 1 _2qrmak
856 4 0 _uhttps://fll.law.cu.edu.eg/fulltext/bks/B12-02964.pdf
905 _a60
942 _2ddc
_cBK
_e21
_n0
999 _c68541
_d68541